000 01106nam a22002417a 4500
005 20081106113540.0
008 081106t xxu||||| |||| 00| 0 ur d
010 _aUR-7365
020 _a8182232686
_c250.00
035 _aU-5920
037 _bD.B.Act / Pub
082 _a841.08
245 _aاقبا ل سہيل کا فن/مرتبہ ضيا الر حمن صديقی
_cمر تبہ ضيا ء الر حمن صد يقی
246 _aIqbal Suhail Ka Fun
_bedited by Zia -ur- Rehman Siddiqui
260 _aدھلی
_bايجو کيشنل پبليشنگ ہا ؤس
_c2007
270 _a3108،وکيل اسٹر يٹ کو چہ پنڈ ت لال کنو اں
_bدھلی
_e110006
_k23216162
_l09101123211542
_mephdelhi@yahoo.com
300 _a206p
_c22cm (Pbk)
650 _aCritical Poetry
650 _aتنقيدی شا عری
700 _aصديقی ضياء الرحمن
942 _adpl
_cUR
_2ddc
_h841.08
_mا ق ب
999 _c5417
_d5417